East West Line MRT Stations in Singapore - Statistics

General Stats
  • This quiz has been taken 1,193 times
  • The average score is 25 of 31
Answer Stats
Hint Answer % Correct
EW13 City Hall
92%
EW1 Pasir Ris
92%
EW24 Jurong East
91%
EW14 Raffles Place
90%
EW2 Tampines
89%
EW12 Bugis
88%
CG2 Changi Airport
88%
CG1 Expo
85%
EW5 Bedok
84%
EW25 Chinese Garden
84%
EW23 Clementi
84%
EW29 Joo Koon
84%
EW18 Redhill
84%
EW22 Dover
82%
EW8 Paya Lebar
82%
EW21 Buona Vista
81%
EW16 Outram Park
81%
EW4 Tanah Merah
81%
EW11 Lavender
80%
EW3 Simei
80%
EW20 Queenstown
79%
EW27 Boon Lay
78%
EW7 Eunos
78%
EW10 Kallang
78%
EW15 Tanjong Pagar
77%
EW6 Kembangan
76%
EW9 Aljunied
75%
EW17 Tiong Bahru
75%
EW26 Lakeside
74%
EW28 Pioneer
74%
EW19 Commonwealth
73%
No matching quizzes found
Score Distribution
Percent of People with Each Score
Percentile by Number Answered
Your Score History
You have not taken this quiz